Man City Treble Lineup (22-23) - Statistics

General Stats
  • This quiz has been taken 19 times
  • The average score is 10 of 11
Answer Stats
Hint Answer % Correct
GK Ederson
95%
ST Haaland
95%
RB Walker
95%
CM De Bruyne
89%
CB Dias
89%
CDM Rodri
89%
CB Stones
89%
RW Foden
84%
LW Grealish
84%
CM Gündoğan
84%
LB Aké
79%
No matching quizzes found
Score Distribution
Percent of People with Each Score
Percentile by Number Answered
Your Score History
You have not taken this quiz